Ville de Pologne - Top 200 Ville Europe - Statistiques

Statistiques générales
  • Ce quiz a été pris 79 fois
  • Le résultat moyen est 6 sur 9
Statistiques - réponses
Population Ville % Correct
812k Cracovie
96%
2,30 M Varsovie
96%
938k Gdańsk
85%
923k Łódź
83%
641k Wrocław
70%
439k Lublin
59%
626k Poznań
54%
483k Szczecin
38%
500k Bydgoszcz
32%
Aucun quiz correspondant
Distribution des résultats
% des personnes avec chaque résultat
Percentile par nombre de réponses
Votre historique - résultats
Vous n’avez pas pris ce quiz